00448nam a2200181Ia 450000500170000000800410001702000220005804100080008008200130008810000120010124500210011326000460013430000210018044000060020150000240020765000230023170000120025420230430090123.0230125s9999 xx 000 0 und d a978-93-5264-138-3 aeng a823bPAT aPatil A aFreedom My Story c2017bHarper Collins PublishersaNoida,Up a238pcPaper Back v1 aEnglish Literature  aEnglish Literature aPatil A